000 00423nam a22001577a 4500
020 _a81-7199-249-8
082 _a530
_bREK/F
100 _aREKHA, SUMAN
245 _aFORMULAE & DEFINITIONS IN PHYSICS
_bPHYSICS FORMULAE
246 _aFORMULAE & DEFINITIONS IN PHYSICS
_bPHYSICS FORMULAE
260 _aDELHI
_bBRIGHT PUBLICATIONS
300 _a384
520 _aPHYSICS FORMULAE
650 _aPHYSICS FORMULAE
942 _cBK
999 _c1341
_d1341